History Quiz

Random History Quiz

Henry VII's Foreign policy Quiz Stats

Quiz not verified by Sporcle

Also try: 'E' in History
Challenge
Share
Tweet
Embed
Score 0/25 Timer 05:00
0 Plays Today
% Correct
2
93.3%
Maximillian
90%
Lady Catherine Gordon
87.5%
Medina del Campo
84.2%
1492 November
78.3%
Perkin Warbeck
76.7%
Ayton
75%
Etaples
70%
James IV and Margaret
70%
Juana and Philip
65.8%
1506
65%
Arthur and Catherine
63.3%
Gerald Fitzgerald
63.3%
% Correct
Earl of Kildare
59.2%
Suffolk
55.8%
Redon
53.3%
Sir Edward Poynings
52.5%
Windsor
44.2%
Philip
44.2%
1506
43.3%
1487
40%
1495
40%
1489
36.7%
1502
36.7%
1496
28.3%

You're not logged in!

Compare scores with friends on all Sporcle quizzes.
Join for Free
OR
Log In

You Might Also Like...

Show Comments

Extras

Created Apr 11, 2017ReportNominate
Tags:foreign, henry, policy, vii

Top Quizzes Today


Score Distribution

Your Account Isn't Verified!

In order to create a playlist on Sporcle, you need to verify the email address you used during registration. Go to your Sporcle Settings to finish the process.

Report this User

Report this user for behavior that violates our Community Guidelines.

Details: